01711nam a22004337a 4500003000500000005001700005008004100022010001000063011001000073035001000083040000900093090001000102100004400112245009300156260004200249300001900291500001100310502008900321590003700410590004100447590004100488590004100529590004100570590004100611590004200652650003000694650003600724650004500760650002500805650002300830650003400853901000700887942000900894949004200903949005500945999001701000952013301017952012701150CHAP20220329141459.0971013s1989 r 00010 d a68827 a69799 a79277 cCHAP aTesis00aVillar López, Alicia Carmela.9119537 aEfecto de la incorporación de crucíferas y solarización sobre Sclerotium cepivorum aMontecillo, Méx. :bEl autor,c1989 a89 h. gráfs. a31-225 aTesis (Maestro en Ciencias Esp. en Fitopatología) -- CP. Centro de Fitopatología aALEPHb10c20130110lUCH01h1406 aBATCH-UPDb10c20130109lUCH01h2308 aBATCH-UPDb10c20130110lUCH01h0241 aBATCH-UPDb10c20130110lUCH01h0949 aBATCH-UPDb10c20130409lUCH01h2308 aBATCH-UPDb10c20130913lUCH01h1913 aCONVERSIONb10c20130109lUCH01h133814aAcolchado de suelos.962314aCalorxEfecto en suelos.91757614aCebollaxEnfermedades por hongos.92076714aCrucíferas.92924514aFungicidas.94404414aSclerotium cepivorum.9103343 aBK cFOLL bBCcTESd-32164eTS1h21434i79277si bBCcTESd33724000692257eTS2fc.2h21435i79277si c68827d68827 00102local4053708TESISaBCbBCcPA_TESISd2019-12-31fTESISl0p33724000692257r2019-12-31 00:00:00tc.2w2019-12-31yTESIS 00102local4051708TESISaBCbBCcPA_TESISd2019-12-31fTESISl0oTesisp-32164r2019-12-31 00:00:00w2019-12-31yTESIS